| 000 | 00696nam a22001937a 4500 | ||
|---|---|---|---|
| 003 | DO-SdBNP | ||
| 005 | 20211004113948.0 | ||
| 007 | ta | ||
| 008 | 211004b 1981 dr 00| 0 eng d | ||
| 040 |
_aDO-SdBNP _bspa _cBNPHU |
||
| 082 | 4 |
_aBNPHU _bT266d |
|
| 100 | 1 |
_979853 _aTejera y Curbelo, Eduardo J. |
|
| 245 | 1 |
_aDiagnóstico de la economía dominicana 1979-1981 y recomendaciones preliminares : _bel futuro del fondo FIDE, las intermediarias y el desarrollo económico nacional / _cEduardo J. Tejera y Curbelo ; prólogo Roberto Martínez |
|
| 300 |
_a130 p. ; _c22 cm. |
||
| 590 | _aInventariado, 2021/BT | ||
| 700 | 1 |
_aMatínez, Roberto, _epról. _980096 |
|
| 910 | _aBtavrez | ||
| 942 |
_2ddc _cLBS1 |
||
| 999 |
_c50690 _d50690 |
||